000 00708nam a2200229Ia 4500
003 GCL
005 20240530105104.0
008 140319s9999 xx 000 0 ara d
040 _aGCL /
_cGCL
082 0 4 _a811.4
_bم ش
100 1 _aابراهيم فهمى
245 1 0 _aشرح ديوان حماسة ابى تمام /
_cابراهيم فهمى
260 _a[S.N] :
_bدار الغرب الاسلامى ،
_c1991
300 _aمتعدد
490 _aديوان الملتقى
_v0
650 0 4 _aالشعر العربى
650 0 4 _aالادب العربى
650 0 4 _aالشعر القومى
650 0 4 _aشعر الحرب
700 1 _aابوالعلاء المعرى
942 _2ddc
_cBK
999 _c53067
_d53067